Score 0/97 Timer 10:00
0 Plays Today
% Correct
United Kingdom
98%
Canada
94%
Sweden
93.7%
France
93.7%
Norway
93.5%
Spain
92.4%
Finland
91.9%
Australia
91.9%
Portugal
91.7%
Denmark
91.5%
Germany
91.3%
Ireland
91.3%
New Zealand
90.6%
Iceland
88.6%
Italy
88.6%
Austria
88.4%
Netherlands
87.7%
Switzerland
87%
Poland
87%
Greece
87%
Belgium
86.1%
Luxembourg
85.9%
Slovakia
85.5%
Serbia
85.2%
Latvia
84.7%
Czech Republic (Part of Czechoslovakia)
83.4%
Estonia
82.8%
Mexico
82.8%
Lithuania
82.6%
Turkey
82.6%
Romania
82.3%
Slovenia (Part of Yugoslavia)
81.9%
Croatia (Part of Yugoslavia)
81.9%
% Correct
San Marino
80.8%
Hungary
80.1%
South Africa
80.1%
Bulgaria
80.1%
Liechtenstein
79.2%
Ukraine
79.2%
Montenegro
78.5%
Andorra
78.3%
Monaco
77.6%
Malta
77%
Macedonia (Part of Yugoslavia)
76.1%
Cyprus
75.8%
Colombia
74.5%
Panama
74.5%
Venezuela
74%
Albania
74%
Costa Rica
72.9%
Vatican City
72.7%
Uruguay
72.3%
Bosnia and Herzegovina
72.3%
Paraguay
71.4%
Uzbekistan
69.4%
Ecuador
68.9%
Moldova
68.5%
Georgia
67.6%
Honduras
67.1%
Armenia
65.5%
Nicaragua
65.1%
Argentina
64.7%
Haiti
63.1%
Azerbaijan
62.2%
Dominican Republic
59.3%
Nepal
58.2%
% Correct
Mongolia
55%
Western Sahara
54.4%
Philippines
53%
Angola
51.5%
Bhutan
51.5%
Namibia
51%
Seychelles
50.1%
Mauritius
49.7%
Turkmenistan
48.1%
Kyrgyzstan
47%
Cambodia
46.5%
Gabon
46%
Senegal
45.2%
Mozambique
44.5%
Rwanda
44.5%
Togo
44.5%
Cape Verde
41.6%
Samoa
41.6%
East Timor
40.7%
Ivory Coast
40.5%
Guinea Bissau
39.8%
Burundi
39.4%
Tuvalu
39.1%
Sao Tome and Principe
38.9%
Djibouti
38.7%
Kiribati
37.6%
Palau
37.1%
Micronesia
36.7%
Marshall Islands
36.5%
Vanuatu
36%
Solomon Islands
35.6%
Remove Ads.
Support Sporcle.
Get the best of Sporcle when you Go Orange. This ad-free experience offers more features, more stats, and more fun while also helping to support Sporcle. Thank you for becoming a member.

You're not logged in!

Compare scores with friends on all Sporcle quizzes.
OR
Log In

Show Comments

Extras

Created Nov 6, 2010SourceReportNominate
Tags:Death Penalty

Top Quizzes Today


Score Distribution

Your Account Isn't Verified!

In order to create a playlist on Sporcle, you need to verify the email address you used during registration. Go to your Sporcle Settings to finish the process.

Report this User

Report this user for behavior that violates our Community Guidelines.

Details: